Statistics for Countries by First Letter

Click here to take the quiz!

General Stats

  • This quiz has been taken 197 times
  • The average score is 162 of 196

Answers on the Map

Answers color-coded by a green-red scale on the quiz's map according to % correct below.
 

Answer Stats

Country% Correct
R
97%
D
96%
I
96%
U
92%
A
91%
E
91%
F
91%
C
89%
M
89%
B
87%
G
84%
D
83%
H
83%
I
83%
S
83%
P
82%
T
82%
F
81%
N
81%
E
79%
K
79%
M
79%
L
78%
O
78%
J
77%
N
76%
Q
74%
R
74%
V
63%
Y
52%
Z
48%

Score Distribution

Percentile by Number Answered

Percent of People with Each Score

Your Score History

You have not taken this quiz